[Event "New York Marshall CC-ch 91st"]
[Site "New York"]
[Date "2007.12.08"]
[Round "2"]
[White "Ehlvest, Jaan"]
[Black "Molner, Mackenzie"]
[Result "1-0"]
[WhiteElo "2629"]
[BlackElo "2293"]
[PlyCount "57"]
[EventDate "2007.12.07"]
[EventType "swiss"]
[EventRounds "9"]
[EventCountry "USA"]
[SourceTitle "CBM 122 Extra"]
[Source "ChessBase"]
[SourceDate "2008.03.04"]

1. d4 Nf6 2. Nf3 c5 3. d5 b5 4. Bg5 Ne4 5. Bf4 Bb7 6. Qd3 Qa5+ 7. Nbd2 f5 8. c3
c4 9. Qd4 Nxd2 10. Qxd2 Na6 11. Nd4 b4 12. e4 bxc3 13. bxc3 Nc5 14. f3 fxe4 15.
Bxc4 Ba6 16. Nb3 Nxb3 17. Bxb3 d6 18. fxe4 g5 19. c4 Qxd2+ 20. Bxd2 Bg7 21. Rc1
O-O 22. Bxg5 Bd4 23. Rf1 Rxf1+ 24. Kxf1 Rf8+ 25. Ke2 Rf2+ 26. Kd3 Be5 27. Rc2
Rf1 28. h3 Kf7 29. Be3 1-0

[Event "New York Marshall CC-ch 91st"]
[Site "New York"]
[Date "2007.12.08"]
[Round "3"]
[White "Molner, Mackenzie"]
[Black "Pador, Douglas"]
[Result "1-0"]
[WhiteElo "2293"]
[BlackElo "2200"]
[PlyCount "73"]
[EventDate "2007.12.07"]
[EventType "swiss"]
[EventRounds "9"]
[EventCountry "USA"]
[SourceTitle "CBM 122 Extra"]
[Source "ChessBase"]
[SourceDate "2008.03.04"]

1. e4 e5 2. Bc4 Nf6 3. d3 Nc6 4. Nf3 Bc5 5. O-O a6 6. c3 Ba7 7. Re1 O-O 8. Nbd2
d6 9. Bb3 Ne7 10. Nf1 Ng6 11. Ng3 c6 12. h3 h6 13. d4 Be6 14. Be3 Re8 15. Bxe6
fxe6 16. Qc2 Qc7 17. Rad1 c5 18. d5 exd5 19. exd5 Ne7 20. c4 Qd7 21. Nd2 b5 22.
b3 Rf8 23. Rf1 Rac8 24. Kh2 Kh8 25. Nf3 Bb6 26. Nh4 Rf7 27. Ng6+ Nxg6 28. Qxg6
Bc7 29. f4 e4 30. f5 Rcf8 31. Ne2 bxc4 32. bxc4 Ng8 33. Qe6 Qa4 34. Qxe4 Re8
35. Qd3 Nf6 36. Nf4 Re4 37. Rc1 1-0

[Event "New York Marshall CC-ch 91st"]
[Site "New York"]
[Date "2007.12.15"]
[Round "6"]
[White "Molner, Mackenzie"]
[Black "Sena, Juan Oscar"]
[Result "1-0"]
[WhiteElo "2293"]
[BlackElo "2181"]
[PlyCount "43"]
[EventDate "2007.12.07"]
[EventType "swiss"]
[EventRounds "9"]
[EventCountry "USA"]
[SourceTitle "CBM 122 Extra"]
[Source "ChessBase"]
[SourceDate "2008.03.04"]

1. e4 e6 2. d4 d5 3. Nc3 Nf6 4. Bg5 Bb4 5. e5 h6 6. Be3 Ne4 7. Qg4 Kf8 8. a3
Bxc3+ 9. bxc3 Nxc3 10. Bd3 Bd7 11. Nf3 Nc6 12. Bd2 Na4 13. h4 Nb2 14. h5 Nxd3+
15. cxd3 b5 16. Rh3 Ne7 17. Bb4 a5 18. Bc5 Kg8 19. Qf4 Nc6 20. Rg3 b4 21. Nh2
f5 22. exf6 1-0

[Event "New York Marshall CC-ch 91st"]
[Site "New York"]
[Date "2007.12.15"]
[Round "7"]
[White "Korley, Kassa"]
[Black "Molner, Mackenzie"]
[Result "0-1"]
[WhiteElo "2119"]
[BlackElo "2293"]
[PlyCount "78"]
[EventDate "2007.12.07"]
[EventType "swiss"]
[EventRounds "9"]
[EventCountry "USA"]
[SourceTitle "CBM 122 Extra"]
[Source "ChessBase"]
[SourceDate "2008.03.04"]

1. d4 Nf6 2. Nf3 c5 3. d5 b5 4. c4 Bb7 5. Bg5 Ne4 6. Nc3 Nxg5 7. Nxg5 b4 8.
Nce4 e5 9. g4 d6 10. Bg2 h6 11. Nf3 Nd7 12. Qa4 Be7 13. h4 Qb6 14. Qc2 Nf6 15.
Nxf6+ Bxf6 16. g5 Be7 17. g6 Bf6 18. gxf7+ Kxf7 19. h5 e4 20. Qxe4 Rae8 21. Qc2
Qa5 22. Kf1 b3 23. Qxb3 Ba6 24. Bh3 Rb8 25. Qd3 Rxb2 26. Rg1 Ke7 27. Nh4 Kd8
28. Qf5 Qc7 29. Ng6 Re8 30. Nf4 Rbxe2 31. Rb1 R2e7 32. Ne6+ Rxe6 33. dxe6 Bxc4+
34. Kg2 Bxe6 35. Qd3 Qc6+ 36. f3 Bxh3+ 37. Kxh3 Re5 38. Rg3 Rxh5+ 39. Kg2 Qd5
0-1

[Event "New York Marshall CC-ch 91st"]
[Site "New York"]
[Date "2007.12.16"]
[Round "8"]
[White "Molner, Mackenzie"]
[Black "Gaillard, Edward"]
[Result "1/2-1/2"]
[WhiteElo "2293"]
[BlackElo "2160"]
[PlyCount "49"]
[EventDate "2007.12.07"]
[EventType "swiss"]
[EventRounds "9"]
[EventCountry "USA"]
[SourceTitle "CBM 122 Extra"]
[Source "ChessBase"]
[SourceDate "2008.03.04"]

1. e4 c6 2. d4 d5 3. e5 Bf5 4. Nc3 a6 5. Nce2 e6 6. Ng3 Bg6 7. h4 h6 8. h5 Bh7
9. Bd3 Bxd3 10. Qxd3 c5 11. dxc5 Bxc5 12. Nf3 Qb6 13. O-O Ne7 14. a3 Qc7 15. b4
Ba7 16. Bb2 Nd7 17. Rac1 Rc8 18. Rfd1 Qc4 19. Qxc4 Rxc4 20. Nd2 Rg4 21. Kf1 b5
22. Nf3 Nc6 23. Rd3 O-O 24. Re1 Rc8 25. Re2 1/2-1/2

[Event "USA-chT Amateur East"]
[Site "Parsippany"]
[Date "2008.02.17"]
[Round "3"]
[White "Bisguier, Arthur Bernard"]
[Black "Molner, Mackenzie"]
[Result "0-1"]
[WhiteElo "2244"]
[BlackElo "2333"]
[PlyCount "70"]
[EventDate "2008.02.16"]
[EventType "team"]
[EventRounds "6"]
[EventCountry "USA"]
[SourceTitle "CBM 123 Extra"]
[Source "ChessBase"]
[SourceDate "2008.05.06"]

1. e4 d6 2. d4 Nf6 3. Nc3 g6 4. f4 Bg7 5. Nf3 c5 6. d5 O-O 7. Bd3 Na6 8. O-O
Nc7 9. a4 e6 10. dxe6 fxe6 11. e5 dxe5 12. Nxe5 Ncd5 13. Bd2 Nxc3 14. bxc3 Nd7
15. Nc4 Nb6 16. Nxb6 axb6 17. Qe2 Bd7 18. Bb5 Bxb5 19. axb5 Rxa1 20. Rxa1 Qd5
21. Ra7 Bh6 22. c4 Qd7 23. Qd3 Rd8 24. Rxb7 Qc8 25. Qe4 Rxd2 26. Rxb6 Rd4 27.
Qe2 Qd7 28. Qxe6+ Qxe6 29. Rxe6 Rxc4 30. g3 Rxc2 31. b6 Bf8 32. Rc6 Rb2 33. h4
Kf7 34. Rc7+ Be7 35. b7 Ke6 0-1

[Event "USA-chT Amateur East"]
[Site "Parsippany"]
[Date "2008.02.18"]
[Round "6"]
[White "Molner, Mackenzie"]
[Black "Ross, Laura R"]
[Result "1-0"]
[WhiteElo "2333"]
[BlackElo "2179"]
[PlyCount "69"]
[EventDate "2008.02.16"]
[EventType "team"]
[EventRounds "6"]
[EventCountry "USA"]
[SourceTitle "CBM 123 Extra"]
[Source "ChessBase"]
[SourceDate "2008.05.06"]

1. e4 c5 2. Nf3 Nc6 3. d4 cxd4 4. Nxd4 Nf6 5. Nc3 e5 6. Ndb5 d6 7. Bg5 a6 8.
Na3 b5 9. Bxf6 gxf6 10. Nd5 f5 11. Bd3 Be6 12. c3 Bg7 13. Nxb5 axb5 14. Bxb5
Bd7 15. exf5 Rb8 16. a4 O-O 17. O-O Kh8 18. Qf3 Rg8 19. f6 Bh6 20. Qh5 Rg6 21.
Bd3 Rxf6 22. Be4 Rxb2 23. a5 Rb8 24. a6 Na7 25. Rfb1 Rxb1+ 26. Rxb1 Bb5 27.
Nxf6 Qxf6 28. Bd5 Qg6 29. Qxg6 fxg6 30. c4 Bxa6 31. Rb8+ Kg7 32. Ra8 Kf6 33.
Rxa7 Bc8 34. Rf7+ Kg5 35. Rxh7 1-0

[Event "Foxwoods op 10th"]
[Site "Ledyard"]
[Date "2008.03.20"]
[Round "2"]
[White "Molner, Mackenzie"]
[Black "Stripunsky, Alexander"]
[Result "0-1"]
[WhiteElo "2333"]
[BlackElo "2570"]
[PlyCount "146"]
[EventDate "2008.03.19"]
[EventType "swiss"]
[EventRounds "9"]
[EventCountry "USA"]
[SourceTitle "CBM 123 Extra"]
[Source "ChessBase"]
[SourceDate "2008.05.06"]

1. e4 c5 2. Nf3 e6 3. d4 cxd4 4. Nxd4 a6 5. Bd3 Ne7 6. Qg4 e5 7. Nf5 Nxf5 8.
Qxf5 d6 9. Qh5 Be6 10. Nc3 Nd7 11. O-O Be7 12. Kh1 Bf6 13. Be3 O-O 14. a4 Rc8
15. Rfd1 g6 16. Qe2 Bg5 17. Bxg5 Qxg5 18. Qd2 Qh4 19. Bf1 Rc6 20. g3 Qe7 21. a5
Rfc8 22. Bg2 Nf6 23. h3 Ne8 24. Ra3 Rc5 25. Qe3 Qc7 26. Rda1 Nf6 27. Kh2 Kg7
28. Qd2 Rd8 29. Rd1 h5 30. Kg1 Rc4 31. Ra4 Qc6 32. Rxc4 Qxc4 33. b3 Qc6 34. Qe3
Qc7 35. b4 Rc8 36. Rd3 Qc4 37. Qb6 Qc7 38. Qxc7 Rxc7 39. b5 Rc5 40. bxa6 bxa6
41. Nd1 Ne8 42. Ra3 Rxc2 43. Ne3 Rc1+ 44. Kh2 Nc7 45. Bf1 f5 46. Rd3 f4 47. Rd1
Rxd1 48. Nxd1 g5 49. Nc3 Kf6 50. Na4 h4 51. Nb6 Ke7 52. gxh4 gxh4 53. Kg2 Bb3
54. Bd3 Ke6 55. Kf3 Bd1+ 56. Kg2 f3+ 57. Kf1 Bb3 58. Ke1 d5 59. exd5+ Bxd5 60.
Kd2 e4 61. Bf1 Ke5 62. Ke3 Be6 63. Nc4+ Bxc4 64. Bxc4 Nd5+ 65. Kd2 Nb4 66. Kc3
Nc6 67. Bxa6 Nxa5 68. Kd2 Kd4 69. Bb5 Nb3+ 70. Kc2 Nc5 71. Kd2 Ne6 72. Bd7 Nf4
73. Bg4 Nd3 0-1

[Event "Foxwoods op 10th"]
[Site "Ledyard"]
[Date "2008.03.22"]
[Round "7"]
[White "Belliard Alonzo, Luis Manuel"]
[Black "Molner, Mackenzie"]
[Result "1/2-1/2"]
[WhiteElo "2219"]
[BlackElo "2333"]
[PlyCount "43"]
[EventDate "2008.03.19"]
[EventType "swiss"]
[EventRounds "9"]
[EventCountry "USA"]
[SourceTitle "CBM 123 Extra"]
[Source "ChessBase"]
[SourceDate "2008.05.06"]

1. d4 Nf6 2. Nf3 c5 3. e3 g6 4. Nbd2 cxd4 5. exd4 Bg7 6. Bd3 O-O 7. O-O Nc6 8.
Re1 d5 9. c3 Bf5 10. Nf1 Bxd3 11. Qxd3 a6 12. Bf4 b5 13. Ne5 Nxe5 14. Bxe5 Qb6
15. Ne3 e6 16. a4 Rfc8 17. axb5 Qxb5 18. Qxb5 axb5 19. Nc2 Ne4 20. Bxg7 Kxg7
21. Red1 Nd6 22. Nb4 1/2-1/2

[Event "New York Marshall CC op 1st"]
[Site "New York"]
[Date "2008.06.21"]
[Round "1"]
[White "Ramirez, Alejandro"]
[Black "Molner, Mackenzie"]
[Result "1/2-1/2"]
[WhiteElo "2527"]
[BlackElo "2338"]
[PlyCount "88"]
[EventDate "2008.06.21"]
[EventType "swiss"]
[EventRounds "9"]
[EventCountry "USA"]
[SourceTitle "CBM 124 Extra"]
[Source "ChessBase"]
[SourceDate "2008.07.03"]

1. d4 Nf6 2. c4 c5 3. d5 b5 4. cxb5 a6 5. e3 axb5 6. Bxb5 Qa5+ 7. Nc3 Bb7 8.
Nge2 Nxd5 9. O-O Nxc3 10. Nxc3 g6 11. Bc4 Qb4 12. Qd3 Bg7 13. Nd5 Qa5 14. Bd2
Qd8 15. Qb3 Ba6 16. a4 O-O 17. Rfc1 d6 18. a5 Bxc4 19. Rxc4 Nd7 20. Ra2 e6 21.
Nf4 d5 22. Rca4 Qc7 23. Qc2 Rfb8 24. e4 Qc6 25. exd5 exd5 26. b3 Qb7 27. h3 d4
28. b4 Rc8 29. bxc5 Nxc5 30. Rc4 Na6 31. Nd5 Rxc4 32. Qxc4 Rd8 33. Rc2 d3 34.
Rc1 Bb2 35. Rb1 Rxd5 36. Rxb2 Qxb2 37. Qc8+ Kg7 38. Bc3+ Qxc3 39. Qxc3+ f6 40.
Qd2 Nc5 41. f3 Nb3 42. Qb4 Nc5 43. Qd2 Nb3 44. Qb4 Nc5 1/2-1/2

[Event "New York Marshall CC op 1st"]
[Site "New York"]
[Date "2008.06.21"]
[Round "2"]
[White "Molner, Mackenzie"]
[Black "Gonzalez, Renier"]
[Result "1/2-1/2"]
[WhiteElo "2338"]
[BlackElo "2507"]
[PlyCount "38"]
[EventDate "2008.06.21"]
[EventType "swiss"]
[EventRounds "9"]
[EventCountry "USA"]
[SourceTitle "CBM 124 Extra"]
[Source "ChessBase"]
[SourceDate "2008.07.03"]

1. e4 d5 2. exd5 Qxd5 3. Nc3 Qa5 4. d4 Nf6 5. Nf3 c6 6. Ne5 Be6 7. Bc4 Bxc4 8.
Nxc4 Qd8 9. Bg5 e6 10. Qe2 Be7 11. Rd1 O-O 12. O-O Nbd7 13. Ne5 Nd5 14. Bxe7
Nxc3 15. Qf3 Nxe5 16. Qxc3 Qxe7 17. dxe5 Rfd8 18. Qe3 a6 19. Qe2 h6 1/2-1/2

[Event "New York Marshall CC op 1st"]
[Site "New York"]
[Date "2008.06.24"]
[Round "7"]
[White "Molner, Mackenzie"]
[Black "Becerra Rivero, Julio"]
[Result "1-0"]
[WhiteElo "2080"]
[BlackElo "2575"]
[PlyCount "27"]
[EventDate "2008.06.21"]
[EventType "swiss"]
[EventRounds "9"]
[EventCountry "USA"]
[SourceTitle "EXT 2009"]
[Source "ChessBase"]
[SourceDate "2008.11.26"]

1. e4 e5 2. Nf3 Nc6 3. Bc4 Nf6 4. d3 Be7 5. O-O O-O 6. Re1 d6 7. a4 Kh8 8. a5
a6 9. Nc3 Ng8 10. Nd5 f5 11. h3 Bf6 12. c3 f4 13. d4 g5 14. b3 1-0

[Event "New Jersey Futurity 2nd"]
[Site "New Jersey"]
[Date "2008.07.08"]
[Round "2"]
[White "Molner, Mackenzie"]
[Black "Scekic, Milos"]
[Result "0-1"]
[WhiteElo "2337"]
[BlackElo "2371"]
[PlyCount "116"]
[EventDate "2008.07.07"]
[EventType "tourn"]
[EventRounds "9"]
[EventCountry "USA"]
[EventCategory "8"]
[SourceTitle "CBM 125 Extra"]
[Source "ChessBase"]
[SourceDate "2008.09.01"]

1. e4 c5 2. Nf3 Nc6 3. d4 cxd4 4. Nxd4 e5 5. Nb5 a6 6. Nd6+ Bxd6 7. Qxd6 Qf6 8.
Qxf6 Nxf6 9. Nc3 d5 10. exd5 Nb4 11. Bd3 Nfxd5 12. Nxd5 Nxd5 13. O-O f6 14. f4
Nb4 15. fxe5 Nxd3 16. cxd3 fxe5 17. Bd2 Be6 18. Bc3 Rd8 19. Rf3 Rd5 20. Re1 Rf8
21. Rg3 g6 22. Bxe5 Kd7 23. d4 Rc8 24. Rf3 Rb5 25. Rf6 Rc6 26. a3 Rb3 27. Rf8
Rc2 28. Rh8 Rbxb2 29. Rxh7+ Kc8 30. Rh8+ Kd7 31. Rh7+ Kc8 32. Rh8+ Kd7 33. Rh7+
Kc6 34. d5+ Bxd5 35. Bxb2 Rxg2+ 36. Kf1 Rxb2 37. Rh6 Bc4+ 38. Kg1 Bd3 39. Re3
Rd2 40. h4 Kc5 41. h5 gxh5 42. Rxh5+ Kd4 43. Re7 Rb2 44. Rd7+ Kc4 45. Rh4+ Kc3
46. Rh3 Rb1+ 47. Kf2 Rb2+ 48. Kg1 Rb1+ 49. Kf2 Rb2+ 50. Ke3 Bc4 51. Ke4+ Kc2
52. Rh2+ Kb1 53. Rh3 Kc2 54. Rc7 b5 55. Ra7 Rb3 56. Rh2+ Kb1 57. Rxa6 b4 58.
Rd6 bxa3 0-1

[Event "New Jersey Futurity 2nd"]
[Site "New Jersey"]
[Date "2008.07.08"]
[Round "3"]
[White "Ju, Evan D"]
[Black "Molner, Mackenzie"]
[Result "0-1"]
[WhiteElo "2286"]
[BlackElo "2337"]
[PlyCount "102"]
[EventDate "2008.07.07"]
[EventType "tourn"]
[EventRounds "9"]
[EventCountry "USA"]
[EventCategory "8"]
[SourceTitle "CBM 125 Extra"]
[Source "ChessBase"]
[SourceDate "2008.09.01"]

1. d4 Nf6 2. c4 c5 3. dxc5 e6 4. Nf3 Bxc5 5. e3 O-O 6. Nc3 Nc6 7. Be2 d5 8.
cxd5 exd5 9. O-O a6 10. b3 Qd6 11. Bb2 Rd8 12. Rc1 Bg4 13. Nd4 Bxd4 14. Bxg4
Be5 15. h3 d4 16. exd4 Bxd4 17. Bf5 Qf4 18. Qf3 Qxf3 19. gxf3 Ne5 20. Ba3 Nxf3+
21. Kh1 g6 22. Bb1 Nd2 23. Rfd1 Nxb1 24. Nxb1 Ne4 25. Kg2 Bxf2 26. Rxd8+ Rxd8
27. Rc4 Nd2 28. Kxf2 Nxc4 29. bxc4 Rd1 30. Nc3 Rd3 31. Bb4 Rd4 32. a3 Rxc4 33.
Nd5 g5 34. Ke3 Kg7 35. a4 f5 36. a5 Kf7 37. Be1 Ke6 38. Nc3 h5 39. h4 gxh4 40.
Kf3 Rg4 41. Ne2 h3 42. Bg3 Ra4 43. Nf4+ Kf7 44. Nxh3 Rxa5 45. Nf4 Ra3+ 46. Kf2
a5 47. Nxh5 a4 48. Be5 Rb3 49. Nf4 a3 50. Ne2 b5 51. Ke1 Rb1+ 0-1

[Event "New Jersey Futurity 2nd"]
[Site "New Jersey"]
[Date "2008.07.09"]
[Round "4"]
[White "Molner, Mackenzie"]
[Black "Erenburg, Sergey"]
[Result "0-1"]
[WhiteElo "2337"]
[BlackElo "2563"]
[PlyCount "60"]
[EventDate "2008.07.07"]
[EventType "tourn"]
[EventRounds "9"]
[EventCountry "USA"]
[EventCategory "8"]
[SourceTitle "CBM 125 Extra"]
[Source "ChessBase"]
[SourceDate "2008.09.01"]

1. e4 c6 2. d4 d5 3. e5 Bf5 4. Nc3 e6 5. g4 Bg6 6. Nge2 f6 7. Nf4 fxe5 8. Nxe6
Qe7 9. Nxf8 exd4+ 10. Be2 dxc3 11. Nxg6 hxg6 12. Qd3 Nf6 13. Qxc3 Nbd7 14. Be3
Ne4 15. Qb3 b5 16. O-O-O Ndc5 17. Qa3 a5 18. Bd4 Ne6 19. Qe3 Nxd4 20. Rxd4 Nc5
21. Bd3 Qxe3+ 22. fxe3 g5 23. Bxb5 cxb5 24. Rxd5 Rc8 25. Rxg5 O-O 26. Kb1 Rf2
27. h4 b4 28. Rc1 a4 29. Re5 a3 30. b3 Nd3 0-1

[Event "New Jersey Futurity 2nd"]
[Site "New Jersey"]
[Date "2008.07.10"]
[Round "7"]
[White "Molner, Mackenzie"]
[Black "Ippolito, Dean"]
[Result "0-1"]
[WhiteElo "2337"]
[BlackElo "2445"]
[PlyCount "110"]
[EventDate "2008.07.07"]
[EventType "tourn"]
[EventRounds "9"]
[EventCountry "USA"]
[EventCategory "8"]
[SourceTitle "CBM 125 Extra"]
[Source "ChessBase"]
[SourceDate "2008.09.01"]

1. e4 e5 2. Bc4 Nc6 3. Nf3 Bc5 4. d3 Nf6 5. O-O d6 6. c3 a6 7. Bb3 Ba7 8. Nbd2
O-O 9. h3 h6 10. Re1 Nh5 11. Nf1 Qf6 12. Be3 Nf4 13. Ng3 g5 14. Nh2 Qg6 15. d4
Kh8 16. Bc2 Ne7 17. dxe5 dxe5 18. Bxa7 Rxa7 19. Ng4 f6 20. Ne3 Qf7 21. Bb3 Qh7
22. Qd2 Ra8 23. Rad1 h5 24. Ngf5 Neg6 25. Kh2 h4 26. Ng4 a5 27. Bc4 Rb8 28. a4
Bxf5 29. exf5 Ne7 30. Qd7 Nxf5 31. Qxh7+ Kxh7 32. Rd7+ Kg6 33. g3 hxg3+ 34.
fxg3 Nh5 35. Rxc7 Nhxg3 36. b3 Rbd8 37. Rg1 Nh5 38. Rxb7 Nf4 39. Rf1 Nd6 40.
Rc7 Rh8 41. Nf2 Nxc4 42. Rxc4 Nxh3 43. Nxh3 Rd3 44. Kg2 Rhxh3 45. Rc1 Rhg3+ 46.
Kh2 g4 47. b4 Rh3+ 48. Kg2 Rd2+ 49. Kg1 Rg3+ 50. Kh1 f5 51. Re1 e4 52. Rc6+ Kg5
53. Rc5 Kf4 54. bxa5 Rh3+ 55. Kg1 Rdh2 0-1

[Event "New Jersey Futurity 2nd"]
[Site "New Jersey"]
[Date "2008.07.11"]
[Round "8"]
[White "Almeida Saenz, Alfonso"]
[Black "Molner, Mackenzie"]
[Result "1-0"]
[WhiteElo "2419"]
[BlackElo "2337"]
[PlyCount "91"]
[EventDate "2008.07.07"]
[EventType "tourn"]
[EventRounds "9"]
[EventCountry "USA"]
[EventCategory "8"]
[SourceTitle "CBM 125 Extra"]
[Source "ChessBase"]
[SourceDate "2008.09.01"]

1. d4 Nf6 2. Nf3 c5 3. d5 b5 4. a4 Bb7 5. axb5 Nxd5 6. g3 g6 7. Bg2 Bg7 8. O-O
O-O 9. Nbd2 Nb6 10. e4 a6 11. c4 axb5 12. Rxa8 Nxa8 13. cxb5 Qb6 14. Qa4 Nc7
15. b4 Qxb5 16. Qxb5 Nxb5 17. bxc5 Na6 18. Nb3 Bxe4 19. Bg5 e6 20. Nfd2 Bxg2
21. Kxg2 Nb4 22. Nc4 h6 23. Be3 Nd5 24. Nb6 Nxe3+ 25. fxe3 d6 26. c6 Rb8 27.
Nd7 Rc8 28. Na5 Bc3 29. Rb1 Na3 30. Rb3 Bxa5 31. Rxa3 Bd2 32. Rd3 Bb4 33. Rb3
Ba5 34. Ra3 Bc7 35. e4 Kg7 36. g4 Bd8 37. Ra6 f6 38. Kf3 Kf7 39. Ke3 e5 40. Kd3
Be7 41. Kc4 Ke6 42. Kb5 Bd8 43. Ra7 Rc7 44. Ra8 Be7 45. Nb6 f5 46. Nd5 1-0

[Event "New Jersey Futurity 2nd"]
[Site "New Jersey"]
[Date "2008.07.11"]
[Round "9"]
[White "Molner, Mackenzie"]
[Black "Ehlvest, Jaan"]
[Result "1/2-1/2"]
[WhiteElo "2337"]
[BlackElo "2603"]
[PlyCount "98"]
[EventDate "2008.07.07"]
[EventType "tourn"]
[EventRounds "9"]
[EventCountry "USA"]
[EventCategory "8"]
[SourceTitle "CBM 125 Extra"]
[Source "ChessBase"]
[SourceDate "2008.09.01"]

1. e4 g6 2. d4 Bg7 3. Nc3 d6 4. h3 Nd7 5. Be3 a6 6. a4 b6 7. g4 Bb7 8. Bg2 e6
9. Nge2 Ne7 10. Qd2 h5 11. gxh5 Rxh5 12. Ng3 Rh8 13. f4 Nf6 14. f5 gxf5 15.
exf5 Ned5 16. Bg5 Qd7 17. O-O O-O-O 18. fxe6 fxe6 19. Nxd5 Nxd5 20. c4 Ne7 21.
Rf7 Bf8 22. Bxb7+ Kxb7 23. Qg2+ d5 24. cxd5 Kb8 25. Re1 Rg8 26. h4 Qxa4 27.
dxe6 Qxd4+ 28. Qf2 Qb4 29. Re4 Qb3 30. Kh2 Re8 31. Nh5 Nc8 32. Nf6 Bd6+ 33. Bf4
Rxe6 34. Bxd6 Nxd6 35. Rxe6 Qxe6 36. Nxg8 Nxf7 37. Nf6 Ne5 38. Kg3 Nd3 39. Qd4
Qe1+ 40. Kg4 Qe2+ 41. Kf5 Qf3+ 42. Kg5 Qg3+ 43. Ng4 Ne1 44. Qd8+ Kb7 45. Qd5+
Ka7 46. h5 Nf3+ 47. Kf5 Nh4+ 48. Kg5 Nf3+ 49. Kf5 Nh4+ 1/2-1/2

[Event "New York Marshall CC-ch 92nd"]
[Site "New York"]
[Date "2008.10.18"]
[Round "3"]
[White "Molner, Mackenzie"]
[Black "Korley, Kassa"]
[Result "1-0"]
[WhiteElo "2382"]
[BlackElo "2082"]
[PlyCount "73"]
[EventDate "2008.10.17"]
[EventType "swiss"]
[EventRounds "9"]
[EventCountry "USA"]
[SourceTitle "EXT 2010"]
[Source "ChessBase"]
[SourceDate "2009.11.30"]

1. e4 c5 2. Nf3 e6 3. d4 cxd4 4. Nxd4 Nf6 5. Nc3 d6 6. g4 a6 7. g5 Nfd7 8. Bg2
Be7 9. f4 O-O 10. h4 Nc6 11. Be3 Nxd4 12. Qxd4 b5 13. O-O-O Bb7 14. h5 e5 15.
Qd2 exf4 16. Bxf4 Ne5 17. b3 Rc8 18. Kb2 Qc7 19. Ne2 b4 20. Rh3 a5 21. Nd4 Rfd8
22. Re3 Qc5 23. Kb1 a4 24. Bh3 Ra8 25. Bf5 g6 26. hxg6 hxg6 27. Qh2 Bf8 28. Ne6
fxe6 29. Bxe6+ Nf7 30. Rh1 Bg7 31. Qh7+ Kf8 32. Qxg6 Rd7 33. Rf3 Bxe4 34. Bxd6+
Qxd6 35. Rh8+ Bxh8 36. Rxf7+ Ke8 37. Qg8+ 1-0

[Event "New York Marshall CC-ch 92nd"]
[Site "New York"]
[Date "2008.10.25"]
[Round "7"]
[White "Kacheishvili, Giorgi"]
[Black "Molner, Mackenzie"]
[Result "1/2-1/2"]
[WhiteElo "2572"]
[BlackElo "2382"]
[PlyCount "55"]
[EventDate "2008.10.17"]
[EventType "swiss"]
[EventRounds "9"]
[EventCountry "USA"]
[SourceTitle "EXT 2010"]
[Source "ChessBase"]
[SourceDate "2009.11.30"]

1. e4 d6 2. d4 Nf6 3. Nc3 g6 4. g3 Bg7 5. Bg2 O-O 6. Nge2 e5 7. O-O c6 8. a4
Na6 9. h3 exd4 10. Nxd4 Re8 11. a5 Nb4 12. Nb3 Be6 13. Ra4 c5 14. e5 Bxb3 15.
cxb3 Rxe5 16. Bxb7 Rb8 17. a6 Qb6 18. Bf4 Re6 19. g4 Rbe8 20. Bh2 d5 21. g5 Ne4
22. Nxd5 Nxd5 23. Bxd5 Rd8 24. Qd3 Nxg5 25. h4 Rf6 26. hxg5 Rf5 27. Bxf7+ Kxf7
28. Qe4 1/2-1/2

[Event "USA tt"]
[Site "ICC INT"]
[Date "2008.09.03"]
[Round "2"]
[White "Vovsha, Eli"]
[Black "Molner, Mackenzie"]
[Result "1-0"]
[WhiteElo "2461"]
[BlackElo "2337"]
[PlyCount "49"]
[EventDate "2008.10.22"]
[EventType "team"]
[EventRounds "10"]
[EventCountry "USA"]
[SourceTitle "CBM 126 Extra"]
[Source "ChessBase"]
[SourceDate "2008.11.05"]

1. e4 d6 2. d4 Nf6 3. Nc3 g6 4. Be3 c6 5. h3 Nbd7 6. Nf3 Qc7 7. a4 Bg7 8. Be2
O-O 9. Nd2 e5 10. dxe5 dxe5 11. Nc4 Rd8 12. Qd6 Qxd6 13. Nxd6 Nf8 14. O-O-O Ne6
15. Bc4 b6 16. Rd3 Kf8 17. Rhd1 Ke7 18. a5 Nd7 19. Bxe6 fxe6 20. Bg5+ Bf6 21.
Bxf6+ Nxf6 22. Nf5+ exf5 23. Rxd8 bxa5 24. exf5 gxf5 25. Na4 1-0

[Event "USA tt"]
[Site "ICC INT"]
[Date "2008.10.22"]
[Round "9"]
[White "Molner, Mackenzie"]
[Black "Perea, Osmany"]
[Result "1-0"]
[WhiteElo "2337"]
[BlackElo "2376"]
[PlyCount "131"]
[EventDate "2008.10.22"]
[EventType "team"]
[EventRounds "10"]
[EventCountry "USA"]
[SourceTitle "CBM 126 Extra"]
[Source "ChessBase"]
[SourceDate "2008.11.05"]

1. e4 e5 2. Bc4 Nf6 3. d3 Nc6 4. Nf3 Be7 5. O-O O-O 6. Re1 d6 7. a4 Na5 8. Ba2
c5 9. Nc3 Nc6 10. Bg5 Ne8 11. Be3 Kh8 12. Nd5 f5 13. exf5 Bxf5 14. h3 Nf6 15.
c3 Nxd5 16. Bxd5 Qd7 17. a5 a6 18. Bg5 Bf6 19. Bxf6 Rxf6 20. d4 exd4 21. cxd4
Nb4 22. Be4 c4 23. Qa4 Qxa4 24. Rxa4 Bxe4 25. Rxe4 Nd3 26. Re7 d5 27. Rxb7 Rc8
28. Ra1 h6 29. Rd1 Rff8 30. Ne5 Rb8 31. Rxb8 Rxb8 32. Nxd3 cxd3 33. Rxd3 Rxb2
34. Rc3 Rd2 35. Kf1 Rxd4 36. Rc6 Ra4 37. Rxa6 Ra2 38. Ra8+ Kh7 39. a6 d4 40. a7
d3 41. Ke1 h5 42. f4 h4 43. f5 Re2+ 44. Kd1 Ra2 45. Kc1 Ra5 46. Kd2 Ra3 47. Ke3
d2+ 48. Kxd2 Ra4 49. Ke3 Ra3+ 50. Kf4 Ra2 51. Kf3 Ra4 52. Ke3 Ra3+ 53. Kf4 Ra2
54. Kg4 Rxg2+ 55. Kxh4 Ra2 56. Kg3 Ra3+ 57. Kf2 Ra2+ 58. Ke1 Ra1+ 59. Kd2 Ra2+
60. Kc1 Ra5 61. h4 Rc5+ 62. Kd2 Rd5+ 63. Kc3 Ra5 64. h5 Ra6 65. Kb4 Ra1 66. h6
1-0

[Event "USA tt"]
[Site "ICC INT"]
[Date "2008.10.29"]
[Round "10"]
[White "Braylovsky, Gregory"]
[Black "Molner, Mackenzie"]
[Result "1/2-1/2"]
[WhiteElo "2359"]
[BlackElo "2382"]
[PlyCount "128"]
[EventDate "2008.10.22"]
[EventType "team"]
[EventRounds "10"]
[EventCountry "USA"]
[SourceTitle "EXT 2009"]
[Source "ChessBase"]
[SourceDate "2008.11.26"]

1. e4 d6 2. d4 Nf6 3. Nc3 g6 4. Nf3 Bg7 5. h3 O-O 6. Be3 c6 7. Qd2 b5 8. Bd3
Nbd7 9. O-O Bb7 10. e5 Ne8 11. exd6 Nxd6 12. Bh6 Qb6 13. Bxg7 Kxg7 14. Ne5 Rad8
15. Qe3 Nf6 16. Rfe1 Bc8 17. Qf3 Bb7 18. Qe3 Bc8 19. Rad1 Bf5 20. Qf3 Rc8 21.
g4 Bxd3 22. Nxd3 Rfe8 23. Ne5 b4 24. Na4 Qa5 25. Nc5 Qxa2 26. Nxc6 Qd5 27. Qxd5
Nxd5 28. Ne5 Nb5 29. Nf3 Nxd4 30. Nxd4 Rxc5 31. Nb3 Rb5 32. Re5 e6 33. Nd4 Rb6
34. Nxe6+ Rbxe6 35. Rexd5 Rc8 36. R1d2 Rec6 37. Rb5 Rxc2 38. Rxc2 Rxc2 39. Rxb4
Kf6 40. Kg2 Rd2 41. Kg3 Rd3+ 42. f3 Rd2 43. h4 h6 44. Kf4 Re2 45. Rb5 g5+ 46.
hxg5+ hxg5+ 47. Rxg5 Rxb2 48. Rf5+ Kg6 49. Ra5 Rb7 50. Kg3 Rc7 51. Kh4 Rb7 52.
f4 f6 53. f5+ Kg7 54. Ra6 Kf7 55. Kh5 Kg7 56. Rd6 Rc7 57. Ra6 Rb7 58. g5 fxg5
59. Kxg5 Kf7 60. Rh6 Rb6 61. Rh7+ Kf8 62. Rxa7 Rc6 63. Rh7 Kg8 64. Ra7 Kf8
1/2-1/2